000 00581nam a2200205 i 4500
001 bg
100 1 _aMAKOWSKA, Barbara
245 1 0 _aUstalenie kapitału początkowego /
_cBarbara Makowska.
260 _aGdańsk :
_bOśrodek Doradztwa i Doskonalenia Kadr,
_c2001.
300 _a70 s. ;
_c24 cm.
504 _aWykaz aktów prawnych.
650 9 _aEmerytura
_xprawo
_zPolska
_ystan na 2000 r.
020 _a8371875347
040 _cBPK
041 0 _apol
080 _a349.3:369.5](438)
920 _a83-71875-34-7
942 _cKS
008 s pl f |000 0 pol
999 _c52030
_d52030
856 _uhttp://koha.tu.koszalin.pl/cgi-bin/koha/opac-detail.pl?biblionumber=52030
_yKatalog online BPK